书目信息 |
| 题名: |
园林景观工程质量通病及防治
|
|
| 作者: | 王晓宁 , 董鹏 主编 | |
| 分册: | ||
| 出版信息: | 北京 中国建筑工业出版社 2021.09 |
|
| 页数: | 163页 | |
| 开本: | 21cm | |
| 丛书名: | ||
| 单 册: | ||
| 中图分类: | TU986.3 | |
| 科图分类: | ||
| 主题词: | 园林--yuan lin--景观--工程施工--质量分析 | |
| 电子资源: | ||
| ISBN: | 978-7-112-26531-2 | |
| 000 | 01072nam0 2200241 450 | |
| 001 | 25135 | |
| 005 | 20220918161107.56 | |
| 010 | @a978-7-112-26531-2@dCNY25.00 | |
| 100 | @a20211130d2021 em y0chiy50 ea | |
| 101 | 0 | @achi |
| 102 | @aCN@b110000 | |
| 105 | @aab a 000yy | |
| 200 | 1 | @a园林景观工程质量通病及防治@Ayuan lin jing guan gong cheng zhi liang tong bing ji fang zhi@f王晓宁, 董鹏主编 |
| 210 | @a北京@c中国建筑工业出版社@d2021.09 | |
| 215 | @a163页@c图, 地图@d21cm | |
| 320 | @a有书目 (第163页) | |
| 330 | @a本书介绍了园林景观工程施工现场中经常出现的一些质量通病以及相应的防治措施, 共7章, 包括园林景观土石方工程、园林景观地下管网工程、园林景观道路工程、园林景观电气工程、园林景观小品工程和园林绿化工程等内容。分别从施工前准备、现场施工、竣工验收和养护阶段提出具体的施工现场管理措施, 为安全、质量、进度、成本控制提供参考。 | |
| 606 | 0 | @a园林@Ayuan lin@x景观@x工程施工@x质量分析 |
| 690 | @aTU986.3@v5 | |
| 701 | 0 | @a王晓宁@Awang xiao ning@4主编 |
| 701 | 0 | @a董鹏@Adong peng@4主编 |
| 801 | 0 | @aCN@c20220910 |
| 905 | @a河南城建学院图书馆@dTU986.3@eW385@f2 | |
| 园林景观工程质量通病及防治/王晓宁, 董鹏主编.-北京:中国建筑工业出版社,2021.09 |
| 163页:图, 地图;21cm |
| ISBN 978-7-112-26531-2:CNY25.00 |
| 本书介绍了园林景观工程施工现场中经常出现的一些质量通病以及相应的防治措施, 共7章, 包括园林景观土石方工程、园林景观地下管网工程、园林景观道路工程、园林景观电气工程、园林景观小品工程和园林绿化工程等内容。分别从施工前准备、现场施工、竣工验收和养护阶段提出具体的施工现场管理措施, 为安全、质量、进度、成本控制提供参考。 |
| ● |
| 相关链接 |
|
|
|
正题名:园林景观工程质量通病及防治
索取号:TU986.3/W385
 
预约/预借
| 序号 | 登录号 | 条形码 | 馆藏地/架位号 | 状态 | 备注 |
| 1 | 1575885 | 215758856 | 建筑库201/201建筑库 115排2列2层/ [索取号:TU986.3/W385] | 在馆 | |
| 2 | 1575886 | 215758865 | 建筑库201/201建筑库 115排2列2层/ [索取号:TU986.3/W385] | 在馆 |